Great Literature #58 - Statistics

General Stats
  • This quiz has been taken 35 times
  • The average score is 5 of 20
Answer Stats
Hint Explanation Answer % Correct
The Lorax 1971 Dr. Seuss
70%
Hateship, Friendship, Courtship, Loveship, Marriage 2001 Alice Munro
47%
Villette 1853 Charlotte Brontë
47%
The Buddha of Suburbia 1990 Hanif Kureishi
33%
London Fields 1989 Martin Amis
33%
The Swimming-Pool Library 1988 Alan Hollinghurst
30%
Silence 1966 (沈黙) Shūsaku Endō
30%
The Twelve Chairs 1928 (Двенадцать стульев) Ilya Ilf, Evgeniy Petrov
27%
My First Summer in the Sierra 1911 John Muir
27%
The Medium Is the Massage 1967 Marshall McLuhan
23%
A Grain of Wheat 1967 Ngũgĩ wa Thiong'o
17%
The Street of Crocodiles (The Cinnamon Shops) 1934 (Sklepy cynamonowe) Bruno Schulz
13%
Train Dreams 2011 Denis Johnson
13%
Station Eleven 2014 Emily St. John Mandel
13%
East Goes West 1937 Younghill Kang
13%
The Long Ships 1941-1945, published in two parts of two books each (Röde Orm) Frans G. Bengtsson
10%
A Glastonbury Romance 1932 John Cowper Powys
10%
Rationalism in Politics 1962 Michael Oakeshott
10%
Veronica 2005 Mary Gaitskill
7%
We Wish to Inform You That Tomorrow We Will Be Killed with Our Families 1998 Philip Gourevitch
7%
No matching quizzes found
Score Distribution
Percent of People with Each Score
Percentile by Number Answered
Your Score History
You have not taken this quiz